000 00467nam a2200145Ia 4500
008 230917s9999||||xx |||||||||||||| ||und||
040 _e167538
_aMAIN
041 _aEnglish
082 _a891.43172109 SS24A:SH
100 _aशर्मा, हरिमोहन
245 0 _aअग्निसागर से गुजरते हुए
260 _aनई दिल्ली
_bसूर्य प्रभा
_c1997
300 _a104 पृ. p.
942 _cHN
999 _c108196
_d108196